Development, planning & problems of Indian education (Record no. 8490)

MARC details
000 -LEADER
fixed length control field 00492cam a2200193ua 4500
008 - FIXED-LENGTH DATA ELEMENTS--GENERAL INFORMATION
fixed length control field 150909n ii |||gr||||Z||||||eng
040 ## - CATALOGING SOURCE
Transcribing agency MAIN
041 ## - LANGUAGE CODE
-- eng
082 ## - DEWEY DECIMAL CLASSIFICATION NUMBER
Classification number 370.54
100 ## - MAIN ENTRY--PERSONAL NAME
Personal name Safaya, Raghunath,
Relator term
245 1# - TITLE STATEMENT
Title Development, planning & problems of Indian education
Statement of responsibility, etc. by Raghunath Safaya
250 ## - EDITION STATEMENT
Edition statement 7th rev. ed.
260 ## - PUBLICATION, DISTRIBUTION, ETC.
Place of publication, distribution, etc. Delhi:
Name of publisher, distributor, etc. Dhanpat Rai & sons.
300 ## - PHYSICAL DESCRIPTION
Extent 370p.
942 ## - ADDED ENTRY ELEMENTS (KOHA)
Koha item type Books
653 ## - INDEX TERM--UNCONTROLLED
Uncontrolled term Education
653 ## - INDEX TERM--UNCONTROLLED
Uncontrolled term Indian education
Holdings
Withdrawn status Lost status Damaged status Not for loan Home library Current library Shelving location Date acquired Total Checkouts Full call number Barcode Date last seen Copy number Price effective from Koha item type
        Central Library, Naharkatiya College Central Library, Naharkatiya College General Stacks 19/09/2020   370.54 | SAF 12153 19/09/2020 1 19/09/2020 Books

Naharkatiya College © 2020. All rights reserved.

Powered By